Mulk Raj Anand and his works - Statistics

General Stats
  • This quiz has been taken 14 times
  • The average score is 6 of 14
Answer Stats
Answer (In chronological order) % Correct
Coolie
100%
The Village
100%
Untouchable
100%
Morning Face
33%
Private life of an Indian Prince
33%
Seven Summers
33%
The Big Heart
33%
The Old Woman and the Cow
33%
The Road
33%
The Sword and the Sickle
33%
Two Leaves and a Bud
33%
Across the Black Waters
0%
Confession of a Lover
0%
Death of a Hero
0%
No matching quizzes found
Score Distribution
Percent of People with Each Score
Percentile by Number Answered
Your Score History
You have not taken this quiz